| 000 | 00000nam 2200000za 4500 |
| 001 | 9.606634 |
| 003 | CaOODSP |
| 005 | 20240207110905 |
| 007 | cr ||||||||||| |
| 008 | 150406|2012||||xxc|||||o f|0| 0 fre d |
| 040 | |aCaOODSP|bfre |
| 043 | |an-cn--- |
| 086 | 1 |aSE7-1/2012-2F-PDF |
| 245 | 00|aTaux de participation aux élections fédérales dans les réserves des Premières Nations (2004–2011) / |h[ressource électronique]|cpréparé par Jean-Sébastien Bargiel. |
| 260 | |aOttawa - Ontario : |bÉlections Canada |cAoût 2012. |
| 300 | |a7 p. : |bgraphique |
| 490 | 1 |aNote de recherche |
| 590 | |a14-07-Supp|b2014-04-03 |
| 691 | 07|aAutochtones|2gcpds |
| 691 | 07|aParticipation du citoyen|2gcpds |
| 691 | 07|aÉlections|2gcpds |
| 710 | 2 |aÉlections Canada. |
| 775 | 08|tFederal voter turnout in First Nations reserves (2004–2011) |w(CaOODSP)9.578900 |
| 830 | #0|aNote de recherche.|w(CaOODSP)9.504131 |
| 856 | 40|ahttp://publications.gc.ca|qPDF|s1.33 Mo|uhttps://publications.gc.ca/collections/collection_2014/elections/SE7-1-2012-2-fra.pdf |